| 000 | 00567nam a2200193 i 4500 | ||
|---|---|---|---|
| 001 | 67705 | ||
| 003 | ES-MaACL | ||
| 005 | 20230906170132.0 | ||
| 007 | t| | ||
| 008 | 040203s1956 sp ||||1| cat d | ||
| 100 | 1 |
_aGalmés, Salvador. _953659 |
|
| 245 | 1 | 0 |
_aQuadrets i pinzellades / _cSalvador Galmés. |
| 260 |
_aPalma de Mallorca : _bMoll, _c1956 ( _fMiramar) |
||
| 300 |
_a141 p. ; _c16 cm. |
||
| 490 | 1 |
_aBiblioteca les illes d'or ; _v65 |
|
| 830 | 0 |
_aBiblioteca les illes d'or ; _v65 _9181514 |
|
| 852 |
_aES-MaACL _jC-13545 _bR.38376 |
||
| 999 |
_c67705 _d67705 |
||